000 01520nam a2200373 c 4500
003 BLK
005 20250128005511.0
008 180408b bul|||||r ||||||| ||bul||
010 _aKNG00035871000
020 _a954-07-1504-0
_bиздат.: Унив. изд. Св. Климент Охридски
040 _aBLK
041 _aBUL
_cBUL
080 _aВътрешна политика. Вж и 329
_b323
_x(497.2)(0:82-4)
_z323(497.2)(0:82-4)
080 _aБългарска литература
_b821.163.2
_x-4
_z821.163.2-4
100 1 _aПетров, Владимир Богданов
_eпърви автор
_9268048
139 _aПетров, Владимир Богданов
_bП 47
245 1 0 _aУмението да се навеждаш
_bПолит. есета
_cВладимир Богданов Петров.
250 _a2. изд.
257 _aBGR
260 София
_bУнив. изд. Св. Климент Охридски
_c2000
300 _a188 с.
_c20 см
380 _a3
500 _a1. изд. 1999 на изд. Албатрос. - Офс. изд.
650 0 _aБългария - вътрешна политика
_9241559
651 4 _aБългария
_9241624
653 _aвътрешна политика
653 _aполитически есета
852 _aЦб 208080
856 4 _qpdf
_u
856 4 _qpdf
_u
942 _cKNG
_n0
_01
944 _aCR
_c04.03.2003
_lCRON CRON
_k
944 _aED
_c30.01.2013
_lф /
_k
999 _c33183
_d33183